banner koha

Sample size for principal component analysis in corn (Registro n. 299257)

MARC details
000 -LÍDER
fixed length control field 02997nab a2200277 i 4500
003 - CÓDIGO MARC DA AGÊNCIA CATALOGADORA
Campo de controle BR-BrBNA
005 - DATA E HORA DA ÚLTIMA ATUALIZAÇÃO
Campo de controle 20240422102145.0
008 - CAMPO DE TAMANHO FIXO
fixed length control field 240422b2021 bl.ar|pooa||| 00| 0 eng |
040 ## - FONTE DA CATALOGAÇÃO
Agência catalogadora BR-BrBNA
Idioma da catalogação eng
072 ## - CATEGORIA AGRIS
Código AGRIS F30
Código do objeto 0120
100 ## - ENTRADA PRINCIPAL - NOME PESSOAL
Nome pessoal Cargnelutti Filho, Alberto
100 ## - ENTRADA PRINCIPAL - NOME PESSOAL
Nome pessoal Toebe, Marcos
245 ## - TÍTULO PRINCIPAL
Título principal Sample size for principal component analysis in corn
500 ## - NOTA GERAL
Nota geral Publicação on-line; 28 ref.; 3 tables; 3 illus.; Summaries (En, Pt)
942 ## - ADDED ENTRY ELEMENTS (KOHA)
Koha item type
520 ## - NOTA DE RESUMO
Nota de conteúdo <br/>Abstract – The objective of this work was to determine the number of plants required to estimate the eigenvalues of the principal components analysis in corn (Zea mays) traits. Twelve traits were measured in 361, 373, and 416 plants of single-, three-way, and double-cross hybrids, respectively, in the 2008/2009 crop year; and in 1,777, 1,693, and 1,720 plants of single-, threeway, and double-cross hybrids, respectively, in the 2009/2010 crop year (six cases), totaling 6,340 plants. Principal component analysis was performed for the six cases. Sample size (number of plants) for the eigenvalue estimations of the principal components was determined by resampling with replacement and application of the model linear response and plateau model. The measurement of 267 plants is sufficient to estimate the eigenvalues of the principal components in corn traits.<br/><br/><br/>Index terms: Zea mays, model linear response and plateau model, multivariate analysis, resampling.
520 ## - NOTA DE RESUMO
Nota de conteúdo <br/>Resumo – O objetivo deste trabalho foi determinar o número de plantas necessário para estimar os autovalores dos componentes principais em caracteres de milho (Zea mays). Doze caracteres foram mensurados em 361, 373 e 416 plantas de híbridos simples, triplo e duplo, respectivamente, no ano agrícola de 2008/2009; e em 1.777, 1.693 e 1.720 plantas de híbridos simples, triplo e duplo, respectivamente, no ano agrícola de 2009/2010 (seis casos), no total de 6.340 plantas. As análises de componentes principais foram realizadas para os seis casos. Determinou-se o tamanho de amostra (número de plantas) para a estimação dos autovalores dos componentes principais, por reamostragem com reposição e com aplicação do modelo linear de resposta com platô. A mensuração de 267 plantas é suficiente para estimar os autovalores dos componentes principais em caracteres de milho.<br/><br/><br/>Termos para indexação: Zea mays, modelo linear de resposta com platô, análise multivariada, reamostragem.
650 ## - ASSUNTO - THESAGRO
Cabeçalho tópico ou nome geográfico MILHO
650 ## - ASSUNTO - THESAGRO
Cabeçalho tópico ou nome geográfico HÍBRIDO
650 ## - ASSUNTO - THESAGRO
Cabeçalho tópico ou nome geográfico CARACTERÍSTICAS AGRONÔMICAS
650 ## - ASSUNTO - THESAGRO
Cabeçalho tópico ou nome geográfico COMPOSIÇÃO QUÍMICA
650 ## - ASSUNTO - THESAGRO
Cabeçalho tópico ou nome geográfico MÉTODO ESTATÍSTICO
773 0# - ENTRADA ANALÍTICA
Host Biblionumber 920
Registro do item 25801
Imprenta Brasília-DF Empresa Brasileira de Pesquisa Agropecuária - EMBRAPA 1966-
Outro identificador 2023-436357
Título Pesquisa Agropecuária Brasileira (Brazil)
ISSN 0100-204X
Colação v. 56 p. 1-12; (2021)
Número de controle de registro BR2024000333
856 ## - ACESSO E ENDEREÇO ELETRÔNICO
Identificador uniforme de recurso - URI https://www.scielo.br/j/pab/a/vk5ZXLx6psQdHdCDGKJ7wTC/?format=pdf&lang=en

Nenhum exemplar disponível.

BINAGRI

Telefone: (61)3218-2567/2388/3357/2097 - binagri@agro.gov.br

Ministério da Agricultura e Pecuária , Esplanada dos Ministérios, Bloco D, Anexo B, Brasília/DF, CEP: 70.043-900